00740nam a2200217Ia 4500003000900000008004100009040001600050080001800066245008000084260003600164300001500200650004100215650003200256650003700288700002800325700002800353700002500381942000700406999001500413952009400428IN-BaIIA211028s9999 xx 000 0 eng d cIIA Library a(05)52bANN-3 0aAnnual review of astronomy and astrophysicsbvol. 3cedited by Leo Goldberg aPalo AltobAnnual Reviewsc1965 avii, 438p. aAstronomy and astrophysics thesaurus aAstronomy Periodicals94087 aAstrophysics - Periodicals94088 aDeutsch, A.J. ed.94747 aGoldberg, Leo ed.94090 aLayzer, D. ed.94748 cBK c2664d2664 00104070aBANbBANcGENd1966-08-09l0o(05)52/ ANN-3p2971r2021-11-05w1966-08-09yBK